000 00695nam a22002417a 4500
001 59722
003 UA-OsUOA
005 20211228133211.0
007 ta
008 20090415b un ||||| |||| 00| 0 ukr d
040 _aUA-OsUOA
_bukr
_cUA-OsUOA
_dUA-OsUOA
041 _aukr
080 _a821.161.2
090 _a821.161.2
_bК32
100 _aКвітка-Основ'яненко Г.
245 _aЗібрання творів у семи томах
260 _aК.
_bНаукова думка
_c1981
300 _a638 с.
505 _gТ. 6
_tПрозові твори
650 7 _a82 Література. Літературознавство
_2UDC
942 _cBK
_2udc
955 _a3
999 _c345806
_d345806